Statistiken für Größten Unis in Deutschland

Klicken Sie hier um das Quiz zu spielen!

Allgemein

  • Dieses Quiz wurde 37 mal gespielt
  • Das Durchschnittsergebnis liegt bei 4 aus 15

Antwortstatistiken

Anzahl der StudierendenUniversität/Fachhochschule% Korrekt
46.000Uni Köln
56%
41.700Uni Hamburg
53%
45.000Uni München
53%
34.500Uni Frankfurt
44%
29.300Uni Bonn
35%
40.800Uni Münster
35%
34.500Uni Mainz
29%
28.100RWTH Aachen
26%
34.000Uni Bochum
24%
33.100Fernuni Hagen
21%
37.600FU Berlin
21%
31.800TU Dresden
18%
35.300Uni Erlangen
15%
31.200HU Berlin
12%
33.600Uni Essen-Duisburg
0%

Verteilung der Resultate

Perzentil nach korrekt beantworteten Fragen

Anzahl Personen mit jedem Resultat

Ihre Resultats-Entwicklung

Sie haben dieses Quiz noch nicht gespielt